Svetové fórum k službám
Gespeichert in:
| 1. Verfasser: | |
|---|---|
| Weitere Verfasser: | |
| Format: | Buchkapitel |
| Sprache: | Slowakisch |
| Schlagworte: | |
| Tags: |
Keine Tags, Fügen Sie das erste Tag hinzu!
|
MARC
| LEADER | 00000naa$a2200000$$$4500 | ||
|---|---|---|---|
| 001 | 0086300 | ||
| 005 | 20240502071958.0 | ||
| 041 | 0 | |a slo | |
| 044 | |a SK | ||
| 245 | 1 | 0 | |a Svetové fórum k službám |c Valéria Michalová, Viola Fronková |
| 610 | 2 | 0 | |a služby |
| 610 | 2 | 0 | |a konferencie |
| 610 | 2 | 0 | |a obchod |
| 610 | 2 | 0 | |a manažéri |
| 610 | 2 | 0 | |a politika |
| 610 | 2 | 0 | |a stratégia podniková |
| 100 | 1 | |a Michalová, Valéria | |
| 700 | 1 | |a Fronková, Viola | |